| 000 | 00637nam a22002057a 4500 | ||
|---|---|---|---|
| 005 | 20250310171536.0 | ||
| 010 | _aENG-144073 | ||
| 020 |
_a9789390095261 _c995.00 |
||
| 035 | _aEN-127605 | ||
| 037 | _bDBAD | ||
| 082 |
_a954.02 _21 |
||
| 245 |
_aBattle Ready for the 21st Century/ _cEdited by A.K Singh [and] Narender Kumar |
||
| 250 | _a1 | ||
| 260 |
_aNew Delhi _bPentagon Press _c2021 |
||
| 270 |
_a206, Peacock Lane, Shahpur Jat, _bNew Delhi _e110049 |
||
| 300 |
_axii,284p. _c24cm(Hb) |
||
| 700 |
_aA.K Singh _eEditor _979481 |
||
| 700 |
_aNarender Kumar _eEditor _979482 |
||
| 942 |
_2ddc _cEN _mBAT _h954.02 |
||
| 999 |
_c210208 _d210208 |
||